000 00742nam a2200277 i 4500
001 C2-0123260
003 PPAK
005 20180727114239.0
008 970830s1996 my |||| ||||| | may d
020 _a9830530825
040 _aPPAK
_beng
_cPPAK
_erda
082 0 4 _a899.233
_223
090 0 0 _a899.233
_bHAM
_dK
090 0 0 _a899.233
_bHAM
_dKIH
245 0 0 _aHamparan harapan
264 1 _aKuala Lumpur :
_bPustaka Prinsip ,
_c1996
300 _a99 pages ;
_c20 cm
336 _2rdacontent
_atext
337 _2rdamedia
_aunmediated
338 _2rdacarrier
_avolume
490 1 _aSiri novel prinsip
650 1 0 _aChildren's stories, Malay
700 0 _aMustapha Ahamd,
_ecompile
830 0 _aSiri novel prinsip
942 _ddc
_cB
999 _c35813
_d35813